| 000 | 00683nam a2200181Ia 4500 | ||
|---|---|---|---|
| 003 | PE SENCICO BE | ||
| 005 | 20251020182431.0 | ||
| 008 | 200515s9999 xx 000 0 und d | ||
| 040 |
_aPE SENCICO BE _cPE SENCICO BE |
||
| 110 | 1 |
_aPerú. _92568 _bMinisterio de Vivienda y Construcción |
|
| 245 | 1 | 0 |
_aPlanificación y programación de la ejecución del proyecto / _cMinisterio de Vivienda y Construcción |
| 260 |
_aLima : _bMinisterio de Vivienda y Construcción ; _c[1973] |
||
| 300 |
_ap. irreg. : _btbl. ; _c26 cm. |
||
| 650 | 1 | 0 |
_aEvaluación de proyectos _914 |
| 650 | 2 | 0 |
_aAdministración de proyectos _9149 |
| 650 | 2 | 0 |
_aProyectos de construcción _9981 |
| 942 |
_cLIB _2ddc |
||
| 999 |
_c241 _d241 |
||